Villes du département de la Manche en images - Statistiques

Statistiques générales
  • Ce quiz a été pris 139 fois
  • Le résultat moyen est 8 sur 18
Statistiques - réponses
Par images Hint Réponse % Correct
G Granville
89%
C Cherbourg-en-Cotentin
88%
(L) M Le Mont-Saint-Michel
79%
S Saint-Lô
73%
A Avranches
70%
(L) H La Hague
67%
C Coutances
65%
F Flamanville
57%
S Sainte-Mère-Église
39%
V Valognes
38%
B Barneville-Carteret
32%
B Barfleur
29%
V Villedieu-les-Poêles-Rouffigny
25%
S Saint-Vaast-la-Hougue
24%
S Saint-Pair-sur-Mer
14%
S Saint-Hilaire-du-Harcouët
12%
B Bricquebec-en-Cotentin
11%
C Condé-sur-Vire
8%
Aucun quiz correspondant
Distribution des résultats
% des personnes avec chaque résultat
Percentile par nombre de réponses
Votre historique - résultats
Vous n’avez pas pris ce quiz